Giáo trình lý thuyết mạch điện : (Sách dùng cho các trường Cao Đẳng và hệ Trung học chuyên nghiệp)
Nội dung trình bày là những kiến thức cơ bản về mạch điện có hỗ cảm, các phương pháp giải mạch điện tuyến tính phức tạp, mạng hai cửa tuyến tính không nguồn, mạch điện ba pha.
Đã lưu trong:
| 主要作者: | |
|---|---|
| 格式: | 图书 |
| 语言: | Undetermined |
| 出版: |
Hà Nội
Giáo dục
2006
|
| 主题: | |
| 标签: |
添加标签
没有标签, 成为第一个标记此记录!
|
| Thư viện lưu trữ: | Trung tâm Học liệu Trường Đại học Cần Thơ |
|---|
| LEADER | 00946nam a2200217Ia 4500 | ||
|---|---|---|---|
| 001 | CTU_132276 | ||
| 008 | 210402s9999 xx 000 0 und d | ||
| 020 | |c 26500 | ||
| 082 | |a 621.3192 | ||
| 082 | |b B106 | ||
| 100 | |a Lê, Văn Bảng | ||
| 245 | 0 | |a Giáo trình lý thuyết mạch điện : | |
| 245 | 0 | |b (Sách dùng cho các trường Cao Đẳng và hệ Trung học chuyên nghiệp) | |
| 245 | 0 | |c Lê Văn Bảng | |
| 260 | |a Hà Nội | ||
| 260 | |b Giáo dục | ||
| 260 | |c 2006 | ||
| 520 | |a Nội dung trình bày là những kiến thức cơ bản về mạch điện có hỗ cảm, các phương pháp giải mạch điện tuyến tính phức tạp, mạng hai cửa tuyến tính không nguồn, mạch điện ba pha. | ||
| 650 | |a Electric circuits,Mạch điện | ||
| 904 | |i Tuýen | ||
| 980 | |a Trung tâm Học liệu Trường Đại học Cần Thơ | ||